000 00339nam a22001337a 4500
020 _a978-93-89461-46-6
082 _a540
_bMTGW/C
100 _aMTG LEARNING
245 _aNCERT SOLUTIONS CHEMISTRY
_bCLASS XI
260 _aDELHI
_bMTG LEARNING MEDIA PVT LTD
300 _a150
650 _aCHEMISTRY SOLUTIONS FOR CLASS XI
_zINDIA
942 _cBK
999 _c540
_d540